Sociología / (Record no. 20312)
[ view plain ]
| 000 -CABECERA | |
|---|---|
| campo de control de longitud fija | 00997nam a2200253 a 4500 |
| 001 - NÚMERO DE CONTROL | |
| campo de control | 000020808 |
| 005 - FECHA Y HORA DE LA ÚLTIMA TRANSACCIÓN | |
| campo de control | 20240418073804.0 |
| 008 - DATOS DE LONGITUD FIJA--INFORMACIÓN GENERAL | |
| campo de control de longitud fija | 100817s1999 sp abc 001 0 spa d |
| 020 ## - NÚMERO INTERNACIONAL ESTÁNDAR DEL LIBRO | |
| Número Internacional Estándar del Libro | 8483221527 |
| 040 ## - FUENTE DE LA CATALOGACIÓN | |
| Centro catalogador/agencia de origen | DO-SdBNP |
| Lengua de catalogación | spa |
| Centro/agencia transcriptor | BPJMB |
| 041 17 - CÓDIGO DE LENGUA | |
| Código de lengua del texto/banda sonora o título independiente | spa |
| Código de lengua original | eng |
| Fuente del código | Código de idiomas MARC |
| 082 ## - NÚMERO DE LA CLASIFICACIÓN DECIMAL DEWEY | |
| Número de clasificación | 301 |
| Número de documento/Ítem | M152s |
| 100 1# - ENTRADA PRINCIPAL--NOMBRE DE PERSONA | |
| Nombre de persona | Macionis, John J., |
| 9 (RLIN) | 43617 |
| 245 10 - MENCIÓN DE TÍTULO | |
| Título | Sociología / |
| Mención de responsabilidad, etc. | John J. Macionis, Ken Plummer ; traducción de Roberto Garvía, Celia Valiente, Santiago Pérez-Nievas y Laura Morales ; colaboración de Rosalía Mota, Francisco Javier Moreno-Fuentes y María Fernández Mellizo-Soto. |
| 260 ## - PUBLICACIÓN, DISTRIBUCIÓN, ETC. | |
| Lugar de publicación, distribución, etc. | Madrid : |
| Nombre del editor, distribuidor, etc. | Prentice Hall, |
| Fecha de publicación, distribución, etc. | 1999. |
| 300 ## - DESCRIPCIÓN FÍSICA | |
| Extensión | 704 p. : |
| Otras características físicas | il., retrs, mapas ; |
| Dimensiones | 26 cm. |
| 504 ## - NOTA DE BIBLIOGRAFÍA, ETC. | |
| Nota de bibliografía, etc. | Bibliografías: p. 677-695. |
| 650 #0 - PUNTO DE ACCESO ADICIONAL DE MATERIA--TÉRMINO DE MATERIA | |
| Término de materia o nombre geográfico como elemento de entrada | Sociología |
| 9 (RLIN) | 1061 |
| 700 1# - PUNTO DE ACCESO ADICIONAL--NOMBRE DE PERSONA | |
| Nombre de persona | Plummer, Ken, |
| 9 (RLIN) | 43618 |
| 700 1# - PUNTO DE ACCESO ADICIONAL--NOMBRE DE PERSONA | |
| Nombre de persona | Garvía, Roberto, |
| Término indicativo de función/relación | tr. |
| 9 (RLIN) | 43619 |
| 700 1# - PUNTO DE ACCESO ADICIONAL--NOMBRE DE PERSONA | |
| Nombre de persona | Valiente, Celia, |
| Término indicativo de función/relación | tr. |
| 9 (RLIN) | 43620 |
| 700 1# - PUNTO DE ACCESO ADICIONAL--NOMBRE DE PERSONA | |
| Nombre de persona | Pérez-Nievas, Santiago, |
| Término indicativo de función/relación | tr. |
| 9 (RLIN) | 43621 |
| 700 1# - PUNTO DE ACCESO ADICIONAL--NOMBRE DE PERSONA | |
| Nombre de persona | Morales, Laura, |
| Término indicativo de función/relación | tr. |
| 9 (RLIN) | 43622 |
No items available.
